Countries of Europe by second-largest city - Statistics

General Stats
  • This quiz has been taken 1,015 times
    362 since last reset
  • The average score is 23 of 39
Answer Stats
Country City % Correct
Italy Milan
95%
Spain Barcelona
92%
France Marseille
92%
Netherlands Rotterdam / The Hague
92%
Russia Saint Petersburg
92%
Germany Hamburg
89%
Portugal Porto
89%
Belgium Antwerp
88%
United Kingdom Birmingham
84%
Greece Thessaloniki
82%
Switzerland Geneva
81%
Poland Krakow
81%
Ireland Cork
80%
Sweden Gothenburg
79%
Croatia Split
78%
Norway Bergen
73%
Czech Republic Brno
72%
Austria Graz
71%
Denmark Aarhus
63%
Ukraine Kharkiv
63%
Lithuania Kaunas
55%
Serbia Novi Sad
55%
Romania Cluj-Napoca
53%
Bulgaria Plovdiv
52%
Hungary Debrecen
47%
Finland Espoo
44%
Albania Durrës
43%
Slovakia Kosice
40%
Slovenia Maribor
40%
Moldova Tiraspol
39%
Estonia Tartu
38%
Bosnia & Herzegovina Banja Luka
35%
Belarus Gomel
31%
Latvia Daugavpils
27%
Kosovo Prizren
17%
Montenegro Nikšić
14%
North Macedonia Bitola
13%
Luxembourg Esch-sur-Alzette
13%
Iceland Kópavogur
9%
No matching quizzes found
Score Distribution
Percent of People with Each Score
Percentile by Number Answered
Your Score History
You have not taken this quiz since the last reset